00601cam a2200205 a 450000100060000000300080000600500170001400800390003103500190007004000250008904100080011408200280012224500580015026000380020830000210024649000180026750400410028565000410032670000280036722961BD-RjUL20211209000857.0140309s1968 enk b 000 0 eng a(BD-RjUL)23026 aLCbengcLCdBD-RjUL aeng04a820.80994220bAUS 196800aAustralian writing today /cedited by Charles Higham. aHarmondsworth :bPenguin,cc1968. a329 p. ;c20 cm.0 aWriting today aIncludes bibliographical references. 0aAustralian literaturey20th century.1 aHigham, Charles,d1931-